Name a Valid Chemical Element - Statistics

General Stats
  • This quiz has been taken 2,173 times
    2,156 since last reset
  • The average score is 10 of 17
Answer Stats
Name an element that ... Answer % Correct
.. is a gas Hydrogen, Helium, Oxygen, ...
100%
..is a liquid Bromine, Mercury
92%
..is yellow Sulphur, Gold, Fluorine, (Caesium, Chlorine)
92%
..is named after an object in the solar system Helium, Cerium, Uranium, ...
90%
..does not end in "-ium", "-ine", "-en", or "-on" Gold, Silver, Lead, Antimony ...
89%
..contains the letter X Oxygen, Xenon
88%
..is found in charcoal, diamonds, and lima beans Carbon
84%
..is named after a country Copper, Germanium, Nihonium, ...
75%
..is named after a woman (real or mythological) Meitnerium, Curium; Vanadium, Selenium, Niobium
68%
..is named after a city Yttrium, Holmium, Berkelium, ...
55%
..has an extra "i" in Britain, but not in the U.S. Alumin(i)um
54%
..was named in the 21st century Darmstadtium, Roentgenium, ...
47%
..occurs naturally AND was discovered in the 20th century Actinium, Lutetium, Rhenium, ...
39%
..is a "rare earth" Cerium, Neodymium, Praseodymium, ...
21%
..makes red fireworks Lithium, Strontium
21%
..was discovered during the Manhattan Project Americium, Curium
13%
..was once named Kurchatovium (Ku) Rutherfordium
6%
No matching quizzes found
Score Distribution
Percent of People with Each Score
Percentile by Number Answered
Your Score History
You have not taken this quiz since the last reset